Which City in Greece? - Statistics

General Stats
  • This quiz has been taken 480 times
  • The average score is 11 of 20
Answer Stats
Description Letter City % Correct
City called the "Birthplace of Democracy" A Athens
100%
It won the Peloponnesian War S Sparta
93%
Where the Colossus statue used to stand R Rhodes
87%
Was, at times, the second largest city in the Byzantine Empire after Constantinople T Thessaloniki
82%
City that was named after the muscular demi-god who performed twelve labors H Heraklion
74%
Place where the oracle of Apollo could be found D Delphi
70%
Host of the Panhellenic Games O Olympia
66%
It has the namesake of a type of column C Corinth
64%
A type of olive is named after it K Kalamata
62%
Capital of Peloponnese Region – Greek for "Three Cities" T Tripoli
56%
"Greece's Gate to the West" P Patras
48%
This largest city in Western Crete has a famous lighthouse C Chania
46%
"City of a Thousand Colors" X Xanthi
44%
Has the namesake of the Ionian island it is located on – Site of Navagio Beach Z Zakynthos
43%
Capital of ancient Crete K Knossos
40%
Its "sacred band" of elite warriors consisted of 150 male couples T Thebes
39%
Achilles was born here. Hippocrates died here L Larissa
36%
Largest city on the Pagasetic Gulf – main port city of the Thessaly region V Volos
36%
This city dominated Greece before 1200 BC, and whose collapse marked thestart of the Greek Dark Ages M Mycenae
30%
Last capital of Macedonia and Alexander the Great's birthplace P Pella
27%
No matching quizzes found
Score Distribution
Percent of People with Each Score
Percentile by Number Answered
Your Score History
You have not taken this quiz